[Event "Lazy PERLA BALTYKU"]
[Site "Lazy"]
[Date "2016.07.01"]
[Round "6.7"]
[White "Kosakowski, Jakub"]
[Black "Juhnke, Juergen"]
[Result "1-0"]
[WhiteElo "2122"]
[BlackElo "2219"]
[PlyCount "104"]
[EventDate "2016.??.??"]

1. e4 c5 2. Nf3 d6 3. d4 cxd4 4. Nxd4 Nf6 5. Nc3 a6 6. h3 e6 7. g4 d5 8. exd5
Nxd5 9. Nde2 h5 10. g5 Nc6 11. Nxd5 Qxd5 12. Qxd5 exd5 13. Bg2 Bf5 14. c3 O-O-O
15. Be3 Ne5 16. b3 Nd3+ 17. Kf1 Bc5 18. Nd4 Be4 19. Rd1 Rhe8 20. Bxe4 dxe4 21.
Ke2 Bd6 22. h4 Nf4+ 23. Bxf4 Bxf4 24. Nf5 Be5 25. Ne3 f6 26. gxf6 gxf6 27. c4
Rd7 28. Nd5 Rf7 29. f4 Bb8 30. Rhg1 f5 31. Rg5 b5 32. Rxh5 bxc4 33. bxc4 e3 34.
Rg5 Re4 35. Rg8+ Kb7 36. Rb1+ Ka7 37. Rgxb8 Rg7 38. Nxe3 Rxf4 39. Rf8 Re7 40.
Rb3 Rxh4 41. Rxf5 Rxc4 42. Rf7 Rxf7 43. Nxc4 Rh7 44. Kd3 Rh3+ 45. Kd4 Rh5 46.
Ne5 a5 47. a4 Ka6 48. Nc4 Rh4+ 49. Kc5 Rh5+ 50. Kc6 Rh6+ 51. Nd6 Rh1 52. Rb6+
Ka7 1-0

[Event "Lazy PERLA BALTYKU"]
[Site "Lazy"]
[Date "2016.07.01"]
[Round "6.8"]
[White "Karpus, Michal"]
[Black "Nowak, Mikolaj"]
[Result "1-0"]
[WhiteElo "2179"]
[BlackElo "2091"]
[PlyCount "91"]
[EventDate "2016.??.??"]

1. e4 e5 2. Nf3 Nc6 3. Bb5 Nf6 4. d3 Bc5 5. Nbd2 d6 6. O-O O-O 7. c3 a6 8. Ba4
b5 9. Bc2 Bb6 10. h3 Ne7 11. Re1 Ng6 12. Nf1 Re8 13. Ng3 c5 14. a4 Rb8 15. Nf5
d5 16. g4 c4 17. dxc4 dxe4 18. Qxd8 Rxd8 19. Ng5 Bxf5 20. gxf5 Nh4 21. Kf1 bxc4
22. Nxe4 Nf3 23. Nxf6+ gxf6 24. Re2 Bc5 25. Kg2 Rd3 26. Bxd3 Nh4+ 27. Kg3 cxd3
28. Rd2 Nxf5+ 29. Kg4 Ne7 30. Rxd3 Bxf2 31. Rd7 f5+ 32. Kf3 Bh4 33. Bh6 Ng6 34.
Ra7 e4+ 35. Ke3 Bg3 36. Rxa6 Re8 37. Rf6 f4+ 38. Bxf4 Bxf4+ 39. Rxf4 Nxf4 40.
Kxf4 Kg7 41. a5 Kg6 42. a6 e3 43. b4 e2 44. Re1 Rc8 45. Rxe2 Rxc3 46. Ra2 1-0

[Event "Lazy PERLA BALTYKU"]
[Site "Lazy"]
[Date "2016.07.01"]
[Round "6.9"]
[White "Antolak, Julia"]
[Black "Chomczyk, Marek"]
[Result "0-1"]
[WhiteElo "2073"]
[BlackElo "2167"]
[PlyCount "82"]
[EventDate "2016.??.??"]

1. e4 e5 2. Nf3 Nc6 3. Nc3 Nf6 4. Bb5 Nd4 5. Ba4 Nxf3+ 6. Qxf3 c6 7. d3 d6 8.
Bg5 Be7 9. h3 O-O 10. g4 Be6 11. Bb3 Nd7 12. Bxe7 Qxe7 13. Ne2 Nc5 14. O-O-O
Nxb3+ 15. axb3 a5 16. Nc3 b5 17. d4 a4 18. bxa4 b4 19. Nb1 Rxa4 20. d5 cxd5 21.
exd5 Bd7 22. Qe3 f5 23. f4 fxg4 24. fxe5 Rf3 25. Qe2 Qg5+ 26. Rd2 Re3 27. Qc4
Qxe5 28. hxg4 b3 29. Qc7 Re1+ 30. Rxe1 Qxe1+ 31. Rd1 Qe3+ 32. Rd2 Ra1 33. cxb3
Qe1+ 34. Rd1 Rxb1+ 35. Kxb1 Qxd1+ 36. Ka2 Qxg4 37. Qxd6 h5 38. b4 h4 39. b5
Qa4+ 40. Kb1 Bf5+ 41. Kc1 Qc2# 0-1

[Event "Lazy PERLA BALTYKU"]
[Site "Lazy"]
[Date "2016.07.01"]
[Round "6.10"]
[White "Krainski, Slawomir"]
[Black "Sliwicka, Alicja"]
[Result "1-0"]
[WhiteElo "2146"]
[BlackElo "2041"]
[PlyCount "85"]
[EventDate "2016.??.??"]

1. e4 c5 2. Nf3 d6 3. d4 cxd4 4. Nxd4 Nf6 5. Nc3 Bd7 6. Bg5 e6 7. Ndb5 Bc6 8.
Bxf6 gxf6 9. Qh5 a6 10. Nd4 Bd7 11. O-O-O Nc6 12. Nb3 Qb6 13. Rd2 O-O-O 14. f4
Be8 15. g3 Ne7 16. Bg2 f5 17. exf5 Nxf5 18. Nd5 Qa7 19. Re1 Ng7 20. Qh3 f5 21.
Nc3 d5 22. a3 Bh5 23. Bf1 d4 24. Nd1 Bf3 25. Nf2 h5 26. Bc4 Bd5 27. Bxd5 Rxd5
28. Qf1 b5 29. Nd3 Bd6 30. Qf3 Qd7 31. Ne5 Qa7 32. Nc6 Qd7 33. Ncxd4 Kb8 34.
Qe3 e5 35. Nc6+ Qxc6 36. Rxd5 exf4 37. Qd4 Rd8 38. Rxd6 Qxd6 39. Qxg7 f3 40.
Qc3 f2 41. Rf1 Qd5 42. Qe3 Rc8 43. Qxf2 1-0

[Event "Lazy PERLA BALTYKU"]
[Site "LAZY"]
[Date "2016.07.01"]
[Round "6.11"]
[White "Budrewicz, Krzysztof"]
[Black "Buraczewski, Rafal"]
[Result "0-1"]
[WhiteElo "2217"]
[BlackElo "2032"]
[PlyCount "146"]
[EventDate "2016.??.??"]

1. d4 c5 2. d5 Nf6 3. c4 d6 4. f3 g6 5. e4 Bg7 6. Ne2 O-O 7. Nec3 Na6 8. Bg5
Bd7 9. Qd2 Qa5 10. Be2 Rab8 11. O-O Nc7 12. a4 Na6 13. f4 h6 14. Bh4 Rfe8 15.
e5 Nh7 16. Bg3 Bf5 17. Na3 Nb4 18. h3 a6 19. Bh2 Rbd8 20. g4 Bc8 21. Nc2 e6 22.
exd6 exd5 23. Nxd5 Rxd6 24. Bf3 Rdd8 25. Ncxb4 cxb4 26. Kh1 Be6 27. Bg1 Nf6 28.
Rfd1 Bxd5 29. cxd5 Ne4 30. Qg2 Nd6 31. b3 Bxa1 32. Rxa1 Nb5 33. g5 hxg5 34.
Qxg5 Nc3 35. Qf6 Rxd5 36. Bb6 Re6 37. Qxe6 fxe6 38. Bxa5 Rxa5 39. Bxb7 Kf7 40.
Kg2 Ne2 41. Rd1 Nxf4+ 42. Kf3 Rf5 43. Bxa6 Nxh3+ 44. Kg3 Nf4 45. Bc4 Ke7 46.
Ra1 Nh5+ 47. Kh4 Ra5 48. Bb5 Nf6 49. Kg5 Ne4+ 50. Kxg6 Nc3 51. Bc4 Kd6 52. Re1
e5 53. Kf5 Ra8 54. Rh1 Rf8+ 55. Kg6 Kc5 56. Kg7 Ra8 57. Kf6 Kd4 58. Rh7 Ne4+
59. Kg6 Nd2 60. Be6 e4 61. Rd7+ Kc3 62. Bf5 Ra6+ 63. Kg5 Nxb3 64. Bxe4 Nc5 65.
Rc7 Kd4 66. Bf5 Nd3 67. Bxd3 Kxd3 68. Kf4 b3 69. a5 Rf6+ 70. Kg3 b2 71. Rb7 Kc3
72. a6 Rxa6 73. Kf2 Ra1 0-1

[Event "Lazy PERLA BALTYKU"]
[Site "LAZY"]
[Date "2016.07.01"]
[Round "6.12"]
[White "Sciborowski, Miroslaw"]
[Black "Kaczmarek, Aleksander"]
[Result "0-1"]
[WhiteElo "2003"]
[BlackElo "2325"]
[PlyCount "76"]
[EventDate "2016.??.??"]

1. d4 c5 2. e3 cxd4 3. exd4 d5 4. Bd3 Nc6 5. c3 Qc7 6. h3 Nf6 7. Nd2 e5 8. dxe5
Nxe5 9. Bc2 Bd6 10. Ndf3 Ng6 11. Ne2 O-O 12. O-O Bd7 13. Bg5 Ne4 14. Qxd5 Bc6
15. Qd1 Nxg5 16. Nxg5 Qe7 17. Nd4 Qxg5 18. Nxc6 Nf4 19. g3 Nxh3+ 20. Kg2 Nf4+
21. Kg1 Bc5 22. Nd4 Rad8 23. Qf3 Ne6 24. Nb3 Bb6 25. Rad1 g6 26. Rxd8 Rxd8 27.
Rd1 Rxd1+ 28. Bxd1 h5 29. Kf1 h4 30. gxh4 Qxh4 31. Nd2 Ng5 32. Qg3 Qh1+ 33. Ke2
Ne6 34. Bb3 Qh5+ 35. Kf1 Qh1+ 36. Ke2 Bc7 37. Qf3 Nf4+ 38. Ke3 Qe1+ 0-1

[Event "Lazy PERLA BALTYKU"]
[Site "LAZY"]
[Date "2016.07.01"]
[Round "6.13"]
[White "Kubicka, Anna"]
[Black "Wacior, Maciej"]
[Result "1/2-1/2"]
[WhiteElo "2171"]
[BlackElo "2037"]
[PlyCount "102"]
[EventDate "2016.??.??"]

1. e4 d6 2. d4 Nd7 3. Nc3 g6 4. f4 Bg7 5. Nf3 c6 6. a4 a5 7. Bc4 Nb6 8. Bd3 Bg4
9. e5 dxe5 10. dxe5 Nd5 11. Nxd5 Qxd5 12. O-O Rd8 13. Qe1 Bxf3 14. Rxf3 e6 15.
Be3 Bf8 16. Kf1 Bb4 17. Qe2 Nh6 18. Bc4 Qe4 19. Bd3 Qd5 20. Bg1 O-O 21. c3 Be7
22. Rh3 Kg7 23. g4 f6 24. Be4 Qb3 25. exf6+ Rxf6 26. Be3 Nxg4 27. Qxg4 Qc4+ 28.
Kg1 Qxe4 29. Qh4 h5 30. Re1 Rf7 31. Qg3 Qf5 32. Qg2 Bc5 33. Kh1 Rd3 34. Bxc5
Qxh3 35. Bd4+ Kh7 36. Qxh3 Rxh3 37. Rxe6 Rd3 38. b3 Rd1+ 39. Kg2 Rb1 40. Re8 g5
41. fxg5 Rxb3 42. Rh8+ Kg6 43. Rg8+ Kh7 44. Rh8+ Kg6 45. Rg8+ Kh7 46. Rh8+ Kg6
47. h4 Kf5 48. Re8 Kg4 49. g6 Rb2+ 50. Kg1 Rb1+ 51. Kg2 Rb2+ 1/2-1/2

[Event "Lazy PERLA BALTYKU"]
[Site "LAZY"]
[Date "2016.07.01"]
[Round "6.14"]
[White "Smieszek, Wojciech"]
[Black "Mielczarski, Miroslaw"]
[Result "0-1"]
[WhiteElo "2137"]
[BlackElo "2107"]
[PlyCount "120"]
[EventDate "2016.??.??"]

1. e4 c5 2. Nf3 Nc6 3. d4 cxd4 4. Nxd4 g6 5. Nc3 Bg7 6. Be3 Nf6 7. Bc4 O-O 8.
Bb3 a5 9. O-O a4 10. Nxa4 Nxe4 11. Nb5 d6 12. Bb6 Qd7 13. Qe2 Qf5 14. Nc7 Rxa4
15. Bxa4 Bxb2 16. Rae1 Nc3 17. Qc4 d5 18. Qb3 Nxa4 19. Qxa4 Bc3 20. Rd1 e6 21.
Nb5 Be5 22. f4 Bb8 23. Nd4 Nxd4 24. Bxd4 Bd6 25. Rd3 h5 26. Rc3 Qe4 27. Re3 b5
28. Qa7 Qxc2 29. Rc3 Qa4 30. Qxa4 bxa4 31. Rc6 Bb8 32. g3 Bb7 33. Rb6 Ba7 34.
Rb4 Bxd4+ 35. Rxd4 Ba6 36. Rb1 Bc4 37. Rd2 Ra8 38. Kf2 Ra7 39. Ke3 Kg7 40. Kd4
Kf6 41. Kc5 Kf5 42. Rdb2 f6 43. Re1 Ra6 44. Re3 g5 45. Kd4 h4 46. Rf2 hxg3 47.
hxg3 gxf4 48. gxf4 Rc6 49. Rc3 Rc8 50. Ke3 Rh8 51. Kd4 Rh4 52. Rcf3 e5+ 53. Kc5
e4 54. Ra3 Rxf4 55. Rxf4+ Kxf4 56. Kd4 f5 57. Rxa4 e3 58. Ra3 e2 59. Re3 Kg4
60. Re8 f4 0-1

[Event "Lazy PERLA BALTYKU"]
[Site "LAZY"]
[Date "2016.07.01"]
[Round "6.15"]
[White "Godzwon, Iwo"]
[Black "Zaninotto, Franco"]
[Result "1/2-1/2"]
[WhiteElo "1884"]
[BlackElo "2127"]
[PlyCount "65"]
[EventDate "2016.??.??"]

1. e4 c5 2. Nf3 Nc6 3. d4 cxd4 4. Nxd4 g6 5. Nc3 Bg7 6. Be3 Nf6 7. Bc4 O-O 8.
Bb3 Re8 9. O-O d6 10. h3 Na5 11. Re1 a6 12. Bg5 b5 13. Nd5 Nxb3 14. axb3 Nxd5
15. exd5 Bb7 16. c4 bxc4 17. bxc4 Rc8 18. Qd3 Qd7 19. Rad1 e6 20. dxe6 fxe6 21.
b3 Qf7 22. Nc2 d5 23. cxd5 Bxd5 24. Ne3 Rc3 25. Qxa6 Rxb3 26. Nxd5 exd5 27.
Rxe8+ Qxe8 28. Qd6 d4 29. Qd5+ Qf7 30. Qd8+ Qf8 31. Qd5+ Qf7 32. Qd8+ Qf8 33.
Qd5+ 1/2-1/2

[Event "Lazy PERLA BALTYKU"]
[Site "LAZY"]
[Date "2016.07.01"]
[Round "6.16"]
[White "Kozak, Antoni"]
[Black "Szpar, Milosz"]
[Result "1/2-1/2"]
[WhiteElo "1981"]
[BlackElo "1943"]
[PlyCount "25"]
[EventDate "2016.??.??"]

1. e4 c5 2. Nf3 Nc6 3. Bb5 g6 4. O-O Bg7 5. Re1 e5 6. b4 cxb4 7. a3 b3 8. c4 d6
9. h3 Nf6 10. Nc3 O-O 11. Ba4 Nd7 12. Bxb3 Nc5 13. d3 1/2-1/2

[Event "Lazy PERLA BALTYKU"]
[Site "LAZY"]
[Date "2016.07.01"]
[Round "6.17"]
[White "Swicarz, Maciej"]
[Black "Dmochowska, Agnieszka"]
[Result "1-0"]
[WhiteElo "2292"]
[BlackElo "2059"]
[PlyCount "67"]
[EventDate "2016.??.??"]

1. c4 c5 2. Nc3 e6 3. Nf3 d5 4. cxd5 exd5 5. d4 Nc6 6. e3 Nf6 7. Be2 Bd6 8. Nb5
c4 9. Nxd6+ Qxd6 10. b3 cxb3 11. axb3 Ne4 12. Ba3 Qg6 13. O-O Bh3 14. Ne1 Bf5
15. Rc1 Nd6 16. Nd3 Bxd3 17. Bxd3 Qe6 18. e4 O-O-O 19. e5 Nf5 20. b4 Kb8 21.
Bxf5 Qxf5 22. b5 Na5 23. Bd6+ Rxd6 24. exd6 Nc4 25. Re1 Nxd6 26. Re5 Qf4 27. g3
Qf6 28. Rxd5 Rc8 29. Rxc8+ Kxc8 30. Qc2+ Kb8 31. Qxh7 g6 32. Qh4 Qxh4 33. gxh4
Kc7 34. h5 1-0

[Event "Lazy PERLA BALTYKU"]
[Site "LAZY"]
[Date "2016.07.01"]
[Round "6.18"]
[White "Wisniewski, Jacek"]
[Black "Sliwicki, Damian"]
[Result "0-1"]
[WhiteElo "1989"]
[BlackElo "2242"]
[PlyCount "80"]
[EventDate "2016.??.??"]

1. e4 Nf6 2. e5 Nd5 3. d4 d6 4. c4 Nb6 5. exd6 exd6 6. Bd3 Nc6 7. Be3 Be7 8.
Nc3 O-O 9. b3 Re8 10. Nge2 Bg5 11. Bxg5 Qxg5 12. O-O Bf5 13. d5 Bxd3 14. Qxd3
Ne5 15. Qg3 Qxg3 16. Nxg3 a5 17. Nb5 Rac8 18. Nf5 Kf8 19. Nfxd6 cxd6 20. Nxd6
Red8 21. Nxc8 Rxc8 22. Rfe1 f6 23. Re3 a4 24. Rae1 Nbd7 25. f4 Ng6 26. g3 f5
27. h4 Nf6 28. Kg2 h5 29. Re6 axb3 30. axb3 Ra8 31. Rb6 Ra2+ 32. Kf3 Ra7 33. c5
Ne7 34. c6 bxc6 35. dxc6 Ne4 36. Rb8+ Kf7 37. Rb7 Ra2 38. Rd1 Ke6 39. Rc1 Nd5
40. Rf1 Rh2 0-1

[Event "Lazy PERLA BALTYKU"]
[Site "LAZY"]
[Date "2016.07.01"]
[Round "6.19"]
[White "Korpalski, Maciej"]
[Black "Karbowiak, Adam"]
[Result "0-1"]
[WhiteElo "1968"]
[BlackElo "2128"]
[PlyCount "64"]
[EventDate "2016.??.??"]

1. e4 e6 2. d3 d5 3. Nd2 Nf6 4. g3 Be7 5. Bg2 O-O 6. Ngf3 c5 7. O-O Nc6 8. Re1
Qc7 9. Nf1 dxe4 10. dxe4 Rd8 11. Bd2 b6 12. c3 Ba6 13. Qa4 Bd3 14. e5 b5 15.
Qa6 Nd5 16. Ne3 Nb6 17. b4 Rac8 18. Rac1 Nc4 19. Nxc4 Bxc4 20. Rb1 Rd3 21. Be3
Nb8 22. Qa3 cxb4 23. Qxa7 Qxa7 24. Bxa7 Bxa2 25. Rb2 Bd5 26. Nd4 bxc3 27. Rxb5
Nc6 28. Nxc6 Bxc6 29. Bxc6 Rxc6 30. Be3 g5 31. Kf1 Rxe3 32. fxe3 c2 0-1

[Event "Lazy PERLA BALTYKU"]
[Site "LAZY"]
[Date "2016.07.01"]
[Round "6.20"]
[White "Garbowski, Jakub"]
[Black "Katafiasz, Tomasz"]
[Result "1-0"]
[WhiteElo "2102"]
[BlackElo "1888"]
[PlyCount "59"]
[EventDate "2016.??.??"]

1. e4 d5 2. exd5 Nf6 3. d4 Bg4 4. Nf3 Nxd5 5. Be2 Nc6 6. O-O e6 7. c3 Be7 8.
Qb3 a6 9. Re1 O-O 10. Nbd2 Nf6 11. Nc4 Qd5 12. Bf4 Na5 13. Nxa5 Qxa5 14. c4 Qb6
15. Qe3 Bf5 16. Qc1 Rad8 17. Rd1 c5 18. Be3 Ng4 19. dxc5 Rxd1+ 20. Qxd1 Bxc5
21. Bxc5 Qxc5 22. Qd4 Qc7 23. Rd1 e5 24. Qd6 Qa5 25. h3 Bc2 26. Rd5 Qxa2 27.
hxg4 e4 28. Nd4 Qxb2 29. Nf5 h6 30. Qxf8+ 1-0

[Event "Lazy PERLA BALTYKU"]
[Site "LAZY"]
[Date "2016.07.01"]
[Round "6.21"]
[White "Kokoszczynski, Jan"]
[Black "Mazalon, Mariusz"]
[Result "0-1"]
[WhiteElo "1921"]
[BlackElo "2083"]
[PlyCount "86"]
[EventDate "2016.??.??"]

1. e4 g6 2. d4 Bg7 3. Nc3 c6 4. Nf3 d5 5. h3 Nf6 6. e5 Ne4 7. Bd3 Nxc3 8. bxc3
O-O 9. O-O c5 10. a4 cxd4 11. cxd4 Nc6 12. Ba3 Re8 13. Re1 e6 14. c3 Bd7 15.
Qd2 Na5 16. Reb1 b6 17. Bb4 Nc4 18. Bxc4 dxc4 19. Qe2 Bc6 20. Qxc4 Bxf3 21.
gxf3 Qg5+ 22. Kf1 Qf5 23. Ke2 a5 24. Bd6 Qc2+ 25. Ke1 Rec8 26. Qb3 Qd3 27. Qd1
Qf5 28. Ra3 Rc6 29. Rab3 Rac8 30. Rxb6 Rxc3 31. Rb8 h5 32. Rxc8+ Rxc8 33. Rb8
Rxb8 34. Bxb8 Qxh3 35. Ke2 h4 36. Bc7 Qg2 37. Bxa5 h3 38. Qf1 Bh6 39. Bc3 g5
40. a5 g4 41. fxg4 Qe4+ 42. Kd1 h2 43. f3 Qb1+ 0-1

[Event "Lazy PERLA BALTYKU"]
[Site "LAZY"]
[Date "2016.07.01"]
[Round "6.22"]
[White "Konieczynski, Piotr"]
[Black "Nowak, Maciej"]
[Result "1-0"]
[WhiteElo "1973"]
[BlackElo "2007"]
[PlyCount "157"]
[EventDate "2016.??.??"]

1. d4 Nf6 2. Nf3 d5 3. c4 e6 4. Nc3 Be7 5. Bf4 O-O 6. e3 c6 7. h3 Nbd7 8. cxd5
exd5 9. Bd3 Re8 10. O-O Nf8 11. Rb1 Ng6 12. Bh2 a6 13. Qc2 Nd7 14. Rfc1 Ndf8
15. Na4 Bd6 16. Bxd6 Qxd6 17. b4 Qf6 18. Qd1 Bf5 19. Bxf5 Qxf5 20. Nc5 Re7 21.
a4 Rd8 22. b5 axb5 23. axb5 Rd6 24. bxc6 bxc6 25. Rb6 h5 26. Nd3 Ree6 27. Nde5
Ne7 28. Qa4 Nd7 29. Qa8+ Kh7 30. Nxd7 Rxd7 31. Rb8 Re4 32. Rh8+ Kg6 33. Ne5+
Rxe5 34. dxe5 Qxe5 35. Qa4 d4 36. exd4 Rxd4 37. Qc2+ Kf6 38. Re8 Re4 39. Qd1
Qf5 40. Qd6+ Qe6 41. Qg3 Qd5 42. Qf3+ Kg6 43. Rd1 Qe5 44. g3 Qe6 45. Kg2 Re5
46. Qa3 c5 47. Qd3+ Qf5 48. Qc4 Qe6 49. Qc2+ Kf6 50. Red8 Qc6+ 51. Kh2 Re6 52.
Qc3+ Kg6 53. R1d7 Nf5 54. Rd5 Nd4 55. Qd3+ Kf6 56. Qc3 Kg6 57. Kg2 Nf5 58. Qxc5
Qxc5 59. Rxc5 Ne7 60. Re8 f6 61. Rc7 Kf7 62. Ra8 f5 63. Kf3 Kf6 64. Rca7 Re4
65. Rf8+ Ke6 66. h4 g6 67. Ra6+ Kd7 68. Rff6 Ke8 69. Rxg6 Nxg6 70. Rxg6 Kf7 71.
Rg5 Kf6 72. Rxh5 Ra4 73. Rh6+ Kg7 74. Rb6 Rc4 75. h5 Ra4 76. h6+ Kf7 77. h7 Kg7
78. Rh6 Kh8 79. Rf6 1-0

[Event "Lazy PERLA BALTYKU"]
[Site "LAZY"]
[Date "2016.07.01"]
[Round "6.23"]
[White "Dombrowski, Bartosz"]
[Black "Lebiedowicz, Borys"]
[Result "0-1"]
[WhiteElo "1913"]
[BlackElo "2002"]
[PlyCount "46"]
[EventDate "2016.??.??"]

1. e4 e5 2. Nf3 Nc6 3. Bb5 a6 4. Ba4 Nf6 5. O-O d6 6. Re1 b5 7. Bb3 Na5 8. c3
Nxb3 9. axb3 Bb7 10. d3 Be7 11. Nbd2 O-O 12. Nf1 Nd7 13. Ng3 Bf6 14. d4 Re8 15.
h3 d5 16. Qd3 g6 17. b4 Bg7 18. exd5 Bxd5 19. Bg5 f6 20. Bd2 exd4 21. Qxd4 Bxf3
22. gxf3 Ne5 23. Qe3 Qxd2 0-1

[Event "Lazy PERLA BALTYKU"]
[Site "LAZY"]
[Date "2016.07.01"]
[Round "6.24"]
[White "Franckowski, Janusz"]
[Black "Kicinski, Jacek"]
[Result "1-0"]
[WhiteElo "2001"]
[BlackElo "1998"]
[PlyCount "83"]
[EventDate "2016.??.??"]

1. e4 c6 2. d4 d5 3. Nc3 dxe4 4. Nxe4 Bf5 5. Ng3 Bg6 6. Nf3 e6 7. h4 h6 8. Ne5
Bh7 9. Qh5 Qc7 10. Bc4 Nf6 11. Qe2 Nd5 12. c3 Nd7 13. f4 Bd6 14. Ne4 Bxe4 15.
Qxe4 N7f6 16. Qe2 a6 17. Bd2 c5 18. dxc5 Qxc5 19. Bb3 Qc7 20. O-O-O h5 21. Kb1
O-O-O 22. c4 Nb4 23. c5 Bxe5 24. fxe5 Nfd5 25. Bxd5 Nxd5 26. c6 Kb8 27. cxb7
Qxb7 28. Rh3 Ka7 29. Rb3 Nb6 30. Rc1 Rc8 31. Rxc8 Rxc8 32. Qe3 Qc6 33. a4 Qc5
34. Qxc5 Rxc5 35. Be3 Nxa4 36. Bxc5+ Nxc5 37. Rf3 Kb6 38. Rxf7 Nd3 39. Rxg7
Nxe5 40. Re7 Ng4 41. Rxe6+ Kb5 42. Kc2 1-0

[Event "Lazy PERLA BALTYKU"]
[Site "LAZY"]
[Date "2016.07.01"]
[Round "6.25"]
[White "Marczuk, Anna"]
[Black "Frej, Zofia"]
[Result "1/2-1/2"]
[WhiteElo "1931"]
[BlackElo "1929"]
[PlyCount "67"]
[EventDate "2016.??.??"]

1. Nf3 d5 2. g3 c5 3. Bg2 Nc6 4. O-O Nf6 5. d3 e6 6. Nbd2 Be7 7. e4 d4 8. e5
Nd5 9. Re1 O-O 10. Nf1 f6 11. exf6 Bxf6 12. h4 h6 13. N3d2 b6 14. Ne4 a5 15.
Nh2 Ra7 16. Ng4 Ncb4 17. a3 Na6 18. Nexf6+ Nxf6 19. Ne5 Qe8 20. Nc4 Qd8 21. Bf4
Nd5 22. Be5 Raf7 23. Re2 Nf6 24. Bh3 Ne8 25. Bf4 Rf6 26. Be5 R6f7 27. Qe1 Kh7
28. Bg2 Kg8 29. Be4 Bb7 30. Bxb7 Rxb7 31. Bf4 Nac7 32. Bxc7 Nxc7 33. Ne5 Rf5
34. Nc4 1/2-1/2

[Event "Lazy PERLA BALTYKU"]
[Site "Lazy"]
[Date "2016.07.03"]
[Round "7.1"]
[White "Shishkin, Vadim"]
[Black "Lewtak, Damian"]
[Result "1-0"]
[WhiteElo "2459"]
[BlackElo "2323"]
[PlyCount "69"]
[EventDate "2016.??.??"]

1. d4 d5 2. c4 c6 3. Nf3 Nf6 4. Nc3 dxc4 5. a4 Bf5 6. Ne5 e6 7. f3 Bb4 8. Nxc4
O-O 9. Bg5 c5 10. dxc5 Qxd1+ 11. Rxd1 Bc2 12. Rd2 Bxc3 13. bxc3 Bxa4 14. e4 Na6
15. Be3 Nd7 16. Nb2 Bc6 17. Bxa6 bxa6 18. O-O f5 19. Rfd1 Rf7 20. Nc4 Nf8 21.
Na5 f4 22. Bxf4 Ba4 23. Ra1 Rxf4 24. Rxa4 Rc8 25. c6 Rc7 26. Rb4 g5 27. Rb7 Rc8
28. Rdd7 Nxd7 29. cxd7 Rd8 30. Nc6 Rff8 31. Nxd8 Rxd8 32. c4 Kf7 33. c5 Ke7 34.
c6 Ra8 35. c7 1-0

[Event "Lazy PERLA BALTYKU"]
[Site "Lazy"]
[Date "2016.07.03"]
[Round "7.2"]
[White "Stupak, Kirill"]
[Black "Kocheev, Aleksandr"]
[Result "1-0"]
[WhiteElo "2555"]
[BlackElo "2345"]
[PlyCount "51"]
[EventDate "2016.??.??"]

1. c4 Nf6 2. g3 g6 3. Bg2 Bg7 4. Nf3 O-O 5. O-O d5 6. cxd5 Nxd5 7. d4 Nb6 8.
Nc3 Nc6 9. e3 e5 10. d5 Na5 11. e4 c6 12. Bg5 f6 13. Be3 cxd5 14. Bxb6 Qxb6 15.
Nxd5 Qd8 16. Rc1 Rf7 17. b4 Nc6 18. b5 Na5 19. Nc7 Qxd1 20. Rfxd1 Rb8 21. Rd8+
Rf8 22. Ne8 Bd7 23. Rxd7 Rfxe8 24. Rcc7 Bf8 25. Bh3 h5 26. Nh4 1-0

[Event "Lazy PERLA BALTYKU"]
[Site "Lazy"]
[Date "2016.07.03"]
[Round "7.3"]
[White "Jarmula, Lukasz"]
[Black "Karpus, Michal"]
[Result "1-0"]
[WhiteElo "2447"]
[BlackElo "2179"]
[PlyCount "79"]
[EventDate "2016.??.??"]

1. e4 e5 2. Nf3 Nc6 3. Bc4 Nf6 4. d3 Be7 5. O-O O-O 6. Re1 d6 7. a4 Be6 8. Bxe6
fxe6 9. c3 Nh5 10. b4 Qe8 11. b5 Nb8 12. d4 Nd7 13. Be3 exd4 14. cxd4 Qg6 15.
Nbd2 Nf4 16. Bxf4 Rxf4 17. Rc1 Rc8 18. Rc3 c5 19. bxc6 bxc6 20. a5 c5 21. Qa4
Nf6 22. dxc5 d5 23. Ne5 Qh5 24. Nd3 Rh4 25. h3 Rf8 26. Qc6 dxe4 27. Nxe4 Qd5
28. Qxd5 exd5 29. Ng5 Rc4 30. Rb3 Bxc5 31. Nxc5 Rxc5 32. Rb7 Rxa5 33. Ree7 Ra1+
34. Kh2 d4 35. Rxg7+ Kh8 36. Nxh7 Ne8 37. Rg6 Rf5 38. Ng5 Nf6 39. Rb8+ Ng8 40.
Rbxg8# 1-0

[Event "Lazy PERLA BALTYKU"]
[Site "Lazy"]
[Date "2016.07.03"]
[Round "7.4"]
[White "Bilguun, Sumiya"]
[Black "Zaleski, Lukasz"]
[Result "1-0"]
[WhiteElo "2395"]
[BlackElo "2080"]
[PlyCount "63"]
[EventDate "2016.??.??"]

1. e4 e6 2. d4 d5 3. Nd2 Nf6 4. e5 Nfd7 5. Bd3 c5 6. c3 Nc6 7. Ngf3 g6 8. O-O
Bg7 9. Re1 O-O 10. Nf1 cxd4 11. cxd4 Qb6 12. Bc2 f6 13. exf6 Nxf6 14. Rb1 Ng4
15. h3 Nh6 16. Be3 Nf5 17. Bxf5 gxf5 18. g3 Bd7 19. b4 a6 20. Qd2 Rac8 21. a3
Rfe8 22. N1h2 f4 23. Bxf4 Nxd4 24. Be5 Nxf3+ 25. Nxf3 Qd8 26. Bxg7 Kxg7 27. Ne5
Ba4 28. Ng4 Bc2 29. Rbc1 Bg6 30. Qb2+ Kg8 31. Rxc8 Qxc8 32. Nh6+ 1-0

[Event "Lazy PERLA BALTYKU"]
[Site "Lazy"]
[Date "2016.07.03"]
[Round "7.5"]
[White "Marczuk, Dominik"]
[Black "Kosakowski, Jakub"]
[Result "0-1"]
[WhiteElo "2298"]
[BlackElo "2122"]
[PlyCount "91"]
[EventDate "2016.??.??"]

1. f4 d5 2. Nf3 g6 3. g3 c6 4. Bg2 Qb6 5. e3 Bg7 6. Nc3 Nh6 7. d3 Bg4 8. e4
dxe4 9. dxe4 O-O 10. Qe2 Na6 11. Nd1 Rad8 12. h3 Bc8 13. c3 f5 14. e5 Nc5 15.
Be3 Nd3+ 16. Kf1 c5 17. Ne1 Nxe1 18. Kxe1 Be6 19. b4 Bd5 20. Bxd5+ Rxd5 21.
Bxc5 Qc6 22. Rf1 Rfd8 23. Bd4 Rxd4 24. cxd4 Rxd4 25. b5 Qc5 26. Rf3 g5 27. Rc3
Rxd1+ 28. Kxd1 Qxc3 29. Rc1 Qxg3 30. Qc4+ Nf7 31. Qc8+ Bf8 32. Qxf5 gxf4 33.
Rc8 Qf3+ 34. Kc2 Qe2+ 35. Kc1 Qxe5 36. Qg4+ Qg5 37. Qf3 Qxb5 38. Qxf4 h6 39. h4
Qe5 40. Qg4+ Qg7 41. Qe6 Qf6 42. Qg4+ Qg7 43. Qe6 Qg1+ 44. Kc2 Qf2+ 45. Kc1
Qf4+ 46. Kc2 0-1

[Event "Lazy PERLA BALTYKU"]
[Site "Lazy"]
[Date "2016.07.03"]
[Round "7.6"]
[White "Buraczewski, Rafal"]
[Black "Krainski, Slawomir"]
[Result "1-0"]
[WhiteElo "2032"]
[BlackElo "2146"]
[PlyCount "94"]
[EventDate "2016.??.??"]

1. d4 d6 2. Nf3 g6 3. c4 Bg7 4. Nc3 e5 5. dxe5 dxe5 6. Qxd8+ Kxd8 7. e4 f6 8.
Be3 Be6 9. Be2 Nd7 10. O-O c6 11. Rfd1 Ke7 12. Nd2 Bh6 13. Bxh6 Nxh6 14. b4
Rhd8 15. Nb3 Rac8 16. c5 Bxb3 17. axb3 a6 18. Na4 Nf8 19. Nb6 Rxd1+ 20. Rxd1
Rd8 21. Rxd8 Kxd8 22. Nc4 Nf7 23. Bg4 Kc7 24. h4 Kd8 25. Kf1 Kc7 26. Ke2 h5 27.
Bh3 g5 28. hxg5 fxg5 29. Bf5 Kd8 30. Ke3 Kc7 31. g3 g4 32. f3 gxf3 33. Kxf3 Nd7
34. Bg6 Ng5+ 35. Ke3 a5 36. Nxa5 b6 37. cxb6+ Kxb6 38. Bxh5 Kb5 39. Be2+ Kxb4
40. Nxc6+ Kxb3 41. Bg4 Nf6 42. Bf5 Kc4 43. Nxe5+ Kc5 44. Kf4 Ngh7 45. Bxh7 Nxh7
46. Kf5 Kd6 47. Ng6 Kd7 1-0

[Event "Lazy PERLA BALTYKU"]
[Site "Lazy"]
[Date "2016.07.03"]
[Round "7.7"]
[White "Chomczyk, Marek"]
[Black "Kyc, Jerzy"]
[Result "0-1"]
[WhiteElo "2167"]
[BlackElo "2225"]
[PlyCount "94"]
[EventDate "2016.??.??"]

1. d4 Nf6 2. c4 g6 3. Nc3 d5 4. Bf4 Bg7 5. e3 O-O 6. Nf3 c5 7. dxc5 Qa5 8. Qa4
Qxc5 9. Qb5 Qxb5 10. Nxb5 Na6 11. Be5 Rd8 12. Nc3 Nb4 13. Nd4 Ne4 14. Bxg7 Kxg7
15. a3 Nc6 16. Nxc6 bxc6 17. Nxe4 dxe4 18. Rd1 Be6 19. Be2 Rab8 20. b3 a5 21.
O-O Rxd1 22. Bxd1 a4 23. b4 Bxc4 24. Re1 Bb5 25. Bc2 f5 26. Rd1 Kf6 27. f3 exf3
28. gxf3 Ke6 29. Kf2 Rb7 30. Bb1 Rc7 31. Ba2+ Kf6 32. Kg3 g5 33. Rd8 h5 34. f4
h4+ 35. Kf2 g4 36. Rf8+ Kg6 37. Be6 Bd3 38. Rd8 Be4 39. Bc8 c5 40. b5 c4 41. b6
Rc6 42. b7 Rb6 43. Rg8+ Kf6 44. Bxf5 Rb2+ 45. Ke1 Bxb7 46. Bh7 Bf3 47. e4 Rxh2
0-1

[Event "Lazy PERLA BALTYKU"]
[Site "Lazy"]
[Date "2016.07.03"]
[Round "7.8"]
[White "Kaczmarek, Aleksander"]
[Black "Kowalski, Igor"]
[Result "1-0"]
[WhiteElo "2325"]
[BlackElo "2131"]
[PlyCount "59"]
[EventDate "2016.??.??"]

1. e4 e6 2. d4 d5 3. e5 c5 4. c3 Nc6 5. Nf3 Qb6 6. Bd3 cxd4 7. cxd4 Bd7 8. Nc3
Nxd4 9. Nxd4 Qxd4 10. Qe2 Qb6 11. O-O a6 12. Kh1 Bc5 13. Qg4 g6 14. Rb1 Ne7 15.
Bg5 Nc6 16. Bf6 Rf8 17. b4 Bd4 18. Na4 Qc7 19. f4 b5 20. Nb2 Bxb2 21. Rxb2 Nd4
22. Rbb1 Qc3 23. Rfd1 Nf5 24. Bxf5 exf5 25. Qh4 Be6 26. Be7 g5 27. Qxg5 Kd7 28.
Rbc1 Qb2 29. Bd6 f6 30. Qg7+ 1-0